| 000 | 00843nam a2200277 i 4500 | ||
|---|---|---|---|
| 001 | 000006100 | ||
| 003 | DO-SdBNP | ||
| 005 | 20250804131521.0 | ||
| 007 | ta | ||
| 008 | 250804s2001 dr 000 0 spa d | ||
| 040 |
_aDO-SdBNP _bspa _cBNPHU _erda |
||
| 041 | _hsp | ||
| 082 |
_axxx _bA627 _222 |
||
| 100 | _988457 | ||
| 245 | 1 | 0 | _aAnteproyecto de Ley General de la Organización de la administración pública |
| 264 |
_aSanto Domingo : _bConsejo Nacional de Reforma del Estado, _c2001 |
||
| 300 |
_a63 páginas. ; _c22 cm. |
||
| 336 |
_ardacontent _btexto _2txt |
||
| 337 |
_ardamedia _bsin mediación _2n |
||
| 338 |
_ardacarrier _bvolumen _2nc |
||
| 590 | _aInventariado,2025/DG | ||
| 650 | 4 |
_aAdministración pública _zRepública Dominicana _93011 |
|
| 650 | 4 |
_aReforma administrativa _988464 |
|
| 910 | _aDG | ||
| 942 |
_2ddc _cLBS1 |
||
| 999 |
_c59723 _d59723 |
||